000 00288nam a2200133 4500
008 181025b xxu||||| |||| 00| 0 eng d
020 _a9781323294390
041 _aeng
080 _a540
100 _a12
101 _aKIM
245 _aThe Central Science
_cDahl,D.B
942 _2ddc
_cBK
999 _c50891
_d50891